| 000 | 01024nam1a22003131 4500 | ||
|---|---|---|---|
| 001 | RU\NLR\A1SV\128112 | ||
| 005 | 20251203171251.9 | ||
| 035 | _a(NLR Aleph) 010465567 | ||
| 090 |
_a9999827 _c9999827 |
||
| 100 | _a20140818d1925 u y0rusy50 ca | ||
| 101 | 0 | _arus | |
| 102 | _aRU | ||
| 200 | 1 |
_aЗаписки по патологической физиологии _e(Лекции проф. С.С.Халатова) |
|
| 210 |
_a[Л.] _cКасса взаимопомощи Ленингр. мед. ин-та _d1925 |
||
| 215 | _d20-23 см | ||
| 300 | _aОписано по обл. | ||
| 316 |
_aЭкз. РГБ деф.: отсутствует обл. _5РГБ |
||
| 620 | _dСанкт-Петербург | ||
| 700 | 1 |
_aХалатов _bС.С. _f1884-1951 _gСемен Сергеевич |
|
| 801 | 0 |
_aRU _bNLR _c20140818 |
|
| 852 |
_aNLR _j17.156.5.51 |
||
| 852 |
_aNLR _j17.156.5.51а |
||
| 899 | _aМГУ | ||
| 899 | _aРГБ | ||
| 899 | _aКирОУНБ | ||
| 942 | _cBOOK | ||
| 980 | _aNB | ||
| 980 | _aA1SV | ||